Loading...
| Current Events | 1 | 20.00 | 100% | 100% | 0% |
| Fine Arts - Classical Music | 6 | 8.33 | 83% | 0% | 0% |
| Fine Arts - Other | 2 | 15.00 | 100% | 50% | 0% |
| Fine Arts - Painting and Sculpture | 7 | 12.86 | 86% | 29% | 14% |
| Geography | 2 | 15.00 | 100% | 50% | 0% |
| History - American | 4 | 15.00 | 100% | 50% | 0% |
| History - European | 5 | 14.00 | 80% | 60% | 0% |
| History - Other | 1 | 20.00 | 100% | 100% | 0% |
| History - World | 6 | 10.00 | 83% | 17% | 0% |
| Literature - American | 5 | 12.00 | 80% | 20% | 20% |
| Literature - British | 2 | 10.00 | 100% | 0% | 0% |
| Literature - European | 4 | 12.50 | 100% | 25% | 0% |
| Literature - World | 4 | 10.00 | 75% | 25% | 0% |
| Mythology | 3 | 10.00 | 100% | 0% | 0% |
| Other Academic | 1 | 10.00 | 100% | 0% | 0% |
| Philosophy | 4 | 10.00 | 75% | 25% | 0% |
| Pop Culture | 2 | 25.00 | 100% | 100% | 50% |
| Religion | 7 | 14.29 | 86% | 43% | 14% |
| Science - Biology | 4 | 7.50 | 75% | 0% | 0% |
| Science - Chemistry | 3 | 6.67 | 67% | 0% | 0% |
| Science - Other | 5 | 6.00 | 60% | 0% | 0% |
| Science - Physics | 3 | 6.67 | 67% | 0% | 0% |
| Social Science | 1 | 10.00 | 100% | 0% | 0% |